| 000 | 01150nam a22003377a 4500 | ||
|---|---|---|---|
| 003 | CHAP | ||
| 005 | 20220329134522.0 | ||
| 008 | 971013s1976 r 00010 d | ||
| 010 | _a21515 | ||
| 011 | _a22487 | ||
| 035 | _a26582 | ||
| 040 | _cCHAP | ||
| 090 | _aFolleto 5372 | ||
| 100 | 0 | 0 |
_aBósquez Molina, Elsa. _913796 |
| 245 | _aEfecto de la aplicación de diferentes ceras en la maduración de aguacate var. Hass | ||
| 260 |
_aMéxico, D. F. : _bComisión Nacional de Fruticultura, _c1976 |
||
| 300 |
_a14 p. _b; gráfs. |
||
| 490 |
_aSerie Investigaciones fisiológicas _v; 9 |
||
| 590 |
_aBATCH-UPD _b10 _c20130110 _lUCH01 _h1452 |
||
| 590 |
_aBATCH-UPD _b10 _c20130410 _lUCH01 _h0918 |
||
| 590 |
_aBATCH-UPD _b10 _c20130913 _lUCH01 _h2259 |
||
| 590 |
_aBATCH-UPD _b10 _c20130914 _lUCH01 _h2057 |
||
| 590 |
_aCONVERSION _b10 _c20130109 _lUCH01 _h1313 |
||
| 650 | 1 | 4 |
_aAguacate _xMaduración. _92531 |
| 650 | 1 | 4 |
_aAguacate _xPreservacion. _92550 |
| 650 | 1 | 4 |
_aCera de candelilla. _921331 |
| 830 | 0 |
_aSerie Investigaciones fisiológicas _v; 9 _9104929 |
|
| 901 | _aBK | ||
| 942 | _cFOLL | ||
| 949 |
_aFolleto 5372 _bBC _cFOLL _d-61238 _eTS1 _i26582 _si |
||
| 999 |
_c21515 _d21515 |
||